[Event "Titled Tuesday intern op 16th Apr Early"]
[Site "Chess.com INT"]
[Date "2024.04.16"]
[Round "10"]
[White "Li, Hui"]
[Black "Cardozo Munar, Carlos Eduardo"]
[Result "0-1"]
[WhiteElo "2016"]
[BlackElo "2043"]
[PlyCount "66"]
[EventDate "2024.04.16"]
[EventType "swiss (blitz)"]
[EventRounds "11"]
[EventCountry "USA"]
[SourceTitle "CB17_2024"]
[SourceDate "2024.04.24"]
[SourceVersion "1"]
[SourceVersionDate "2024.04.24"]
[SourceQuality "1"]

1. e4 e6 2. d4 d5 3. Nd2 c5 4. Nb1 dxe4 5. Bb5+ Bd7 6. Bxd7+ Qxd7 7. Be3 cxd4 8. Qxd4 Qxd4 9. Bxd4 Nc6 10. Be3 f5 11. Ne2 Nf6 12. Nd2 0-0-0 13. 0-0-0 Bd6 14. Nc4 Bc7 15. Bf4 e5 16. Bg5 h6 17. Bxf6 gxf6 18. Ng3 Ne7 19. Nh5 Rhg8 20. Rxd8+ Kxd8 21. Rd1+ Kc8 22. g3 Rg6 23. Nd6+ Bxd6 24. Rxd6 Ng8 25. c4 Kc7 26. Rd1 Rg5 27. h4 Rxh5 28. Kc2 f4 29. Rg1 Ne7 30. Rh1 fxg3 31. fxg3 Nf5 32. Kc3 Nxg3 33. Rg1 Ne2+ 0-1

[Event "Titled Tuesday intern op 16th Apr Early"]
[Site "Chess.com INT"]
[Date "2024.04.16"]
[Round "2"]
[White "Li, Hui"]
[Black "Veinberg, Nimrod"]
[Result "0-1"]
[WhiteElo "2016"]
[BlackElo "2410"]
[PlyCount "54"]
[EventDate "2024.04.16"]
[EventType "swiss (blitz)"]
[EventRounds "11"]
[EventCountry "USA"]
[SourceTitle "CB17_2024"]
[SourceDate "2024.04.24"]
[SourceVersion "1"]
[SourceVersionDate "2024.04.24"]
[SourceQuality "1"]

1. e4 e6 2. d4 d5 3. Nd2 c5 4. exd5 Qxd5 5. Ngf3 cxd4 6. Bc4 Qd6 7. 0-0 Nf6 8. Nb3 Nc6 9. Nbxd4 Nxd4 10. Nxd4 Be7 11. b3 0-0 12. Bb2 a6 13. Re1 b5 14. Qf3 Rb8 15. Bd3 Bb7 16. Qh3 g6 17. a4 Nd5 18. axb5 Nf4 19. Qh6 Bf6 20. bxa6 Bxg2 21. Be4 Bxe4 22. Rxe4 e5 23. Ne2 Qc6 24. f3 Bg5 25. Qxg5 Nh3+ 26. Kg2 Nxg5 27. Re3 Qxc2 0-1

[Event "Doeberl Cup 61st"]
[Site "Canberra"]
[Date "2024.03.29"]
[Round "3"]
[White "Mitrabha, Guha"]
[Black "Li, Hui"]
[Result "1-0"]
[WhiteElo "2526"]
[BlackElo "1999"]
[PlyCount "115"]
[EventDate "2024.03.28"]
[EventType "swiss"]
[EventRounds "9"]
[EventCountry "AUS"]
[SourceTitle "CB14_2024"]
[SourceDate "2024.04.01"]
[SourceVersion "1"]
[SourceVersionDate "2024.04.01"]
[SourceQuality "1"]

1. Nf3 Nf6 2. c4 e6 3. g3 d5 4. Bg2 dxc4 5. Qa4+ Nbd7 6. Qxc4 c5 7. 0-0 a6 8. Qb3 Qc7 9. d4 Bd6 10. Qc2 b6 11. dxc5 Bxc5 12. Nc3 Bb7 13. Bf4 Bd6 14. Bxd6 Qxd6 15. Rfd1 Qc7 16. Rac1 Rc8 17. Qb1 Qb8 18. Ng5 Bxg2 19. Kxg2 Qb7+ 20. Kg1 0-0 21. Nge4 Qb8 22. Qd3 b5 23. Nd6 Rcd8 24. Nce4 Nxe4 25. Qxe4 Nf6 26. Qc6 Qa7 27. Nc8 Qb8 28. Rxd8 Rxd8 29. Qxa6 Nd5 30. Na7 Qa8 31. a3 h5 32. Qa5 h4 33. Qxd8+ Qxd8 34. Rc8 Qxc8 35. Nxc8 hxg3 36. hxg3 Kf8 37. Nd6 Nc7 38. f4 Ke7 39. Ne4 f5 40. Nc3 Kd6 41. b4 Kc6 42. Kf2 Ne8 43. Ke3 Nd6 44. Kd4 Nf7 45. e3 g5 46. Ne2 Kd6 47. e4 gxf4 48. gxf4 Kc6 49. exf5 exf5 50. Nc3 Nd6 51. Nd1 Ne4 52. Ne3 Nd2 53. Ke5 Nb1 54. Nc2 Nc3 55. Nd4+ Kb6 56. Kxf5 Nb1 57. Nc2 Kc6 58. Ke4 1-0

[Event "Titled Tuesday intern op 12th Mar Late"]
[Site "Chess.com INT"]
[Date "2024.03.12"]
[Round "7"]
[White "De Souza, Arthur Olintho"]
[Black "Li, Hui"]
[Result "1-0"]
[WhiteElo "2113"]
[BlackElo "1999"]
[PlyCount "53"]
[EventDate "2024.03.12"]
[EventType "swiss (blitz)"]
[EventRounds "11"]
[EventCountry "USA"]
[SourceTitle "CB12_2024"]
[SourceDate "2023.10.01"]
[SourceVersion "1"]
[SourceVersionDate "2023.10.01"]
[SourceQuality "1"]

1. e4 e5 2. Nf3 Nf6 3. d4 exd4 4. e5 Ne4 5. Qxd4 d5 6. exd6 Nxd6 7. Bd3 Nc6 8. Qa4 Bd7 9. 0-0 Be7 10. Re1 0-0 11. Nc3 Bf6 12. Ne4 Ne5 13. Nxf6+ Qxf6 14. Qb3 Nxf3+ 15. gxf3 Bc6 16. Be4 Nxe4 17. fxe4 Qg6+ 18. Qg3 Bxe4 19. c3 Rfe8 20. Bf4 Qxg3+ 21. hxg3 c6 22. Re3 Bd5 23. a3 Rxe3 24. Bxe3 f6 25. Rd1 a6 26. f4 Kf7 27. Kf2 1-0

[Event "Titled Tuesday intern op 27th Feb Late"]
[Site "Chess.com INT"]
[Date "2024.02.27"]
[Round "3"]
[White "Boor, Carl Brandon"]
[Black "Li, Hui"]
[Result "0-1"]
[WhiteElo "2231"]
[BlackElo "1991"]
[PlyCount "244"]
[EventDate "2024.02.27"]
[EventType "swiss (blitz)"]
[EventRounds "11"]
[EventCountry "USA"]
[SourceTitle "CB10_2024"]
[SourceDate "2024.03.06"]
[SourceVersion "1"]
[SourceVersionDate "2024.03.06"]
[SourceQuality "1"]

1. d4 d5 2. c4 e6 3. Nf3 Nf6 4. g3 Be7 5. Bg2 0-0 6. 0-0 dxc4 7. Qc2 a6 8. a4 Bd7 9. Qxc4 Bc6 10. Bg5 Bd5 11. Qc1 h6 12. Bxf6 Bxf6 13. Nc3 Bxf3 14. Bxf3 c6 15. Rd1 a5 16. Ne4 Na6 17. Qf4 Bg5 18. Nxg5 Qxg5 19. e3 Rfd8 20. Rac1 Qxf4 21. gxf4 Nb4 22. h4 Kf8 23. Kf1 g6 24. Ke2 h5 25. Rg1 Ke7 26. Rc5 Nd5 27. Rgc1 Ra6 28. Kf1 Nb4 29. Be2 Raa8 30. Kg2 Rd5 31. Kf3 Rxc5 32. Rxc5 Kd6 33. Rc1 Nd5 34. Bc4 Nb6 35. Bb3 Nd5 36. Bxd5 exd5 37. f5 Rg8 38. Rg1 Ke7 39. Kf4 Kf6 40. fxg6 fxg6 41. f3 Rb8 42. e4 dxe4 43. fxe4 b5 44. Rg5 bxa4 45. Rxa5 Rxb2 46. Rxa4 Rh2 47. Kg3 Re2 48. Kf3 Rh2 49. Ra6 Rh3+ 50. Ke2 Rxh4 51. Rxc6+ Kf7 52. Kd3 Rh1 53. e5 g5 54. d5 Rd1+ 55. Ke4 h4 56. Rc7+ Ke8 57. Rh7 Kf8 58. e6 Kg8 59. Rh5 Kf8 60. Rxg5 Ke7 61. Rh5 Re1+ 62. Kd4 Rd1+ 63. Ke5 Re1+ 64. Kf5 Rf1+ 65. Kg6 Rg1+ 66. Kh7 Rh1 67. Kg6 h3 68. Rh7+ Kd6 69. Rd7+ Kc5 70. e7 Re1 71. Kf7 h2 72. e8Q Rxe8 73. Kxe8 h1Q 74. Kd8 Qh4+ 75. Kc7 Qa4 76. Rd8 Qa5+ 77. Kc8 Qa8+ 78. Kc7 Qa7+ 79. Kc8 Kb6 80. Rd6+ Kc5 81. Rd8 Qa6+ 82. Kc7 Qa5+ 83. Kc8 Qa8+ 84. Kc7 Qa4 85. Kc8 Kb6 86. Rd6+ Kc5 87. Rd8 Qg4+ 88. Kc7 Qf4+ 89. Kc8 Qf5+ 90. Kc7 Qe5+ 91. Kc8 Kb6 92. Rd7 Qc3+ 93. Kd8 Qh8+ 94. Ke7 Kc5 95. Ke6 Qh3+ 96. Ke7 Qe3+ 97. Kd8 Qg5+ 98. Kc8 Qf5 99. Kc7 Qe5+ 100. Kd8 Qb8+ 101. Ke7 Qc8 102. Ke6 Qe8+ 103. Re7 Qg8+ 104. Rf7 Qc8+ 105. Rd7 Qg8+ 106. Rf7 Qg4+ 107. Rf5 Qe4+ 108. Re5 Qg6+ 109. Kd7 Qf7+ 110. Re7 Qxd5+ 111. Ke8 Qg8+ 112. Kd7 Qg4+ 113. Ke8 Kd6 114. Ra7 Qc8+ 115. Kf7 Qc4+ 116. Kf8 Qf4+ 117. Rf7 Qb4 118. Kg7 Ke6 119. Rf6+ Ke5 120. Rf7 Qb6 121. Kf8 Qd8+ 122. Kg7 Ke6 0-1

[Event "Titled Tuesday intern op 27th Feb Late"]
[Site "Chess.com INT"]
[Date "2024.02.27"]
[Round "7"]
[White "Li, Hui"]
[Black "Deviprasath, Sharvesh"]
[Result "1/2-1/2"]
[WhiteElo "1991"]
[BlackElo "2381"]
[PlyCount "104"]
[EventDate "2024.02.27"]
[EventType "swiss (blitz)"]
[EventRounds "11"]
[EventCountry "USA"]
[SourceTitle "CB10_2024"]
[SourceDate "2024.03.06"]
[SourceVersion "1"]
[SourceVersionDate "2024.03.06"]
[SourceQuality "1"]

1. e4 e6 2. d4 d5 3. Nd2 Nf6 4. e5 Nfd7 5. Bd3 c5 6. c3 Nc6 7. Ne2 cxd4 8. cxd4 f6 9. exf6 Nxf6 10. 0-0 Bd6 11. Nf3 Qc7 12. g3 0-0 13. Bf4 Bxf4 14. Nxf4 Ne4 15. Rc1 Rxf4 16. gxf4 Qxf4 17. Qe2 e5 18. Bxe4 dxe4 19. Nxe5 Nxe5 20. dxe5 Bh3 21. Qe3 Qxe3 22. fxe3 Bxf1 23. Kxf1 Re8 24. Rc7 Rxe5 25. Rxb7 Rh5 26. Kg2 Rg5+ 27. Kf2 Rh5 28. Kg3 Rf5 29. Rxa7 Rf3+ 30. Kg4 Rxe3 31. Kf4 Re2 32. Rb7 Rxh2 33. Kxe4 Rg2 34. Kf3 Rg1 35. a4 h5 36. a5 h4 37. Kf2 Ra1 38. b4 g5 39. Kf3 Ra3+ 40. Kg4 Rg3+ 41. Kf5 h3 42. a6 h2 43. Kg6 Kf8 44. Rf7+ Ke8 45. Rh7 Ra3 46. Rxh2 Rxa6+ 47. Kxg5 Ra4 48. Rb2 Kd7 49. Kf5 Kc6 50. Ke5 Kb5 51. Kd5 Rxb4 52. Rxb4+ Kxb4 1/2-1/2

[Event "Titled Tuesday intern op 13th Feb Early"]
[Site "Chess.com INT"]
[Date "2024.02.13"]
[Round "4"]
[White "Decuigniere, Tom"]
[Black "Li, Hui"]
[Result "1-0"]
[WhiteElo "2405"]
[BlackElo "1991"]
[PlyCount "123"]
[EventDate "2024.02.13"]
[EventType "swiss (blitz)"]
[EventRounds "11"]
[EventCountry "USA"]
[SourceTitle "CB08_2024"]
[SourceDate "2024.02.21"]
[SourceVersion "1"]
[SourceVersionDate "2024.02.21"]
[SourceQuality "1"]

1. e4 e5 2. Nf3 Nf6 3. Nxe5 d6 4. Nf3 Nxe4 5. Nc3 Nxc3 6. dxc3 Be7 7. Bd3 Nc6 8. Bf4 Be6 9. Qe2 Qd7 10. 0-0 0-0 11. Qe4 g6 12. Bh6 Rfe8 13. Rae1 Bf5 14. Qf4 Bxd3 15. cxd3 Bf8 16. h4 Rxe1 17. Rxe1 Re8 18. Rxe8 Qxe8 19. h5 Ne5 20. Bxf8 Nxf3+ 21. Qxf3 Kxf8 22. Kf1 Qb5 23. hxg6 hxg6 24. b3 Kg7 25. c4 Qb6 26. Qe4 c6 27. g4 Qc5 28. Kg2 Qe5 29. f3 Qxe4 30. fxe4 g5 31. Kf3 Kf6 32. d4 Ke6 33. Ke3 Kf6 34. b4 Ke6 35. a4 Kf6 36. a5 a6 37. Kd3 Ke6 38. Kc3 Kf6 39. Kb3 Ke6 40. Ka4 Kd7 41. b5 Kc7 42. bxa6 bxa6 43. Kb4 Kd7 44. c5 Kc7 45. cxd6+ Kxd6 46. Kc4 f6 47. Kb4 Kd7 48. Kc5 Kc7 49. d5 cxd5 50. exd5 Kd7 51. Kc4 Kd6 52. Kd4 Kd7 53. Ke4 Kd6 54. Kf5 Kxd5 55. Kxf6 Kc4 56. Kxg5 Kb5 57. Kf4 Kxa5 58. g5 Kb4 59. g6 a5 60. g7 a4 61. g8Q a3 62. Qa2 1-0

[Event "Titled Tuesday intern op 13th Feb Early"]
[Site "Chess.com INT"]
[Date "2024.02.13"]
[Round "1"]
[White "Jakubowski, Krzysztof"]
[Black "Li, Hui"]
[Result "1-0"]
[WhiteElo "2467"]
[BlackElo "1991"]
[PlyCount "61"]
[EventDate "2024.02.13"]
[EventType "swiss (blitz)"]
[EventRounds "11"]
[EventCountry "USA"]
[SourceTitle "CB08_2024"]
[SourceDate "2024.02.21"]
[SourceVersion "1"]
[SourceVersionDate "2024.02.21"]
[SourceQuality "1"]

1. e4 e5 2. Nf3 Nf6 3. Nc3 Nc6 4. g3 d5 5. exd5 Nxd5 6. Bg2 Nxc3 7. bxc3 Bd6 8. 0-0 0-0 9. Re1 Bg4 10. h3 Bh5 11. Rb1 Rb8 12. g4 Bg6 13. d3 f5 14. Ng5 Qd7 15. Bd5+ Kh8 16. Be6 Qe7 17. gxf5 Bxf5 18. Bxf5 Rxf5 19. Qg4 Rbf8 20. Rxb7 Nd8 21. Rb8 Rxf2 22. Qe4 g6 23. Rxd8 Qxd8 24. Ne6 Qf6 25. Nxf8 Qxf8 26. Be3 Rxc2 27. Rf1 Qc8 28. Bg5 Qxh3 29. Bf6+ Kg8 30. Qa8+ Kf7 31. Bg5+ 1-0

[Event "Titled Tuesday intern op 13th Feb Early"]
[Site "Chess.com INT"]
[Date "2024.02.13"]
[Round "2"]
[White "Li, Hui"]
[Black "Aaron, Deepak"]
[Result "0-1"]
[WhiteElo "1991"]
[BlackElo "2278"]
[PlyCount "94"]
[EventDate "2024.02.13"]
[EventType "swiss (blitz)"]
[EventRounds "11"]
[EventCountry "USA"]
[SourceTitle "CB08_2024"]
[SourceDate "2024.02.21"]
[SourceVersion "1"]
[SourceVersionDate "2024.02.21"]
[SourceQuality "1"]

1. e4 c6 2. d4 d5 3. Nd2 dxe4 4. Nxe4 Nd7 5. Ng5 e6 6. Bd3 Ngf6 7. N1f3 Bd6 8. Qe2 Nb6 9. Bd2 Qc7 10. 0-0-0 Bf4 11. Kb1 Bxd2 12. Qxd2 h6 13. Ne4 Nxe4 14. Bxe4 Nc4 15. Qb4 Nd6 16. Bd3 a5 17. Qd2 b5 18. Ne5 Bb7 19. Rhe1 0-0-0 20. Qf4 Kb8 21. Qg3 g6 22. c3 b4 23. Ka1 Ka7 24. f3 c5 25. Qf2 c4 26. Bc2 Bd5 27. Ba4 Rb8 28. Rb1 Rb7 29. Ng4 h5 30. Ne3 Rhb8 31. Qe2 Qb6 32. Nxd5 exd5 33. Qe5 bxc3 34. Re2 Nf5 35. Qxd5 Nxd4 36. Rf2 Rd8 37. Qxc4 Nb3+ 38. Qxb3 Qxf2 39. Qxc3 Qb6 40. Bb3 Rc7 41. Qe5 Rdc8 42. Qe4 Rc1 43. Qd3 Qg1 44. a3 Rxb1+ 45. Qxb1 Rc1 46. Ba2 Rxb1+ 47. Bxb1 Qxg2 0-1

[Event "Titled Tuesday intern op 06th Feb Late"]
[Site "Chess.com INT"]
[Date "2024.02.06"]
[Round "6"]
[White "Li, Hui"]
[Black "Eilenberg, Jonas"]
[Result "1-0"]
[WhiteElo "1991"]
[BlackElo "2299"]
[PlyCount "40"]
[EventDate "2024.02.06"]
[EventType "swiss (blitz)"]
[EventRounds "11"]
[EventCountry "USA"]
[SourceTitle "CB07_2024"]
[SourceDate "2024.02.14"]
[SourceVersion "1"]
[SourceVersionDate "2024.02.14"]
[SourceQuality "1"]

1. e4 c5 2. Nf3 a6 3. c4 Nc6 4. d4 cxd4 5. Nxd4 e5 6. Nf5 d5 7. cxd5 Bxf5 8. exf5 Nd4 9. Bd3 Nf6 10. Nc3 Nxd5 11. 0-0 Nxc3 12. bxc3 Nc6 13. Be4 Qc7 14. Be3 Rd8 15. Qa4 Bd6 16. Rab1 Qd7 17. Rxb7 Qxb7 18. Bxc6+ Qxc6 19. Qxc6+ Ke7 20. Bc5 Rd7 1-0

[Event "Titled Tuesday intern op 26th Sep Early"]
[Site "Chess.com INT"]
[Date "2023.09.26"]
[Round "4"]
[White "Goncharov, Vladimir"]
[Black "Li, Hui"]
[Result "1-0"]
[WhiteElo "2077"]
[BlackElo "1988"]
[PlyCount "73"]
[EventDate "2023.09.26"]
[EventType "swiss (blitz)"]
[EventRounds "11"]
[EventCountry "USA"]
[SourceTitle "EXT 2024"]
[Source "ChessBase"]
[SourceDate "2023.10.10"]
[SourceVersion "1"]
[SourceVersionDate "2023.10.10"]
[SourceQuality "1"]

1. d4 d5 2. c4 e6 3. Nc3 Nf6 4. Nf3 Be7 5. Bg5 0-0 6. e3 h6 7. Bh4 Ne4 8. Bxe7 Qxe7 9. Rc1 c6 10. Bd3 Nxc3 11. Rxc3 dxc4 12. Bxc4 Nd7 13. 0-0 b6 14. Bd3 Bb7 15. Bb1 c5 16. Qd3 g6 17. dxc5 Nxc5 18. Qd4 Bxf3 19. gxf3 Qg5+ 20. Kh1 Rfd8 21. Qg4 Qxg4 22. fxg4 Rd2 23. b4 Nd7 24. a3 Ne5 25. h3 Rad8 26. Kg2 Rb2 27. Be4 Kg7 28. Kg3 b5 29. Rc7 Nc4 30. Bg2 Rdd2 31. Bf3 Nxa3 32. Rxa7 Nc2 33. Rc1 Nxb4 34. Rcc7 Rxf2 35. Rxf7+ Kg8 36. Rfb7 Rxf3+ 37. Kxf3 1-0

[Event "Titled Tuesday intern op 26th Sep Early"]
[Site "Chess.com INT"]
[Date "2023.09.26"]
[Round "9"]
[White "Li, Hui"]
[Black "Turzo, Attila"]
[Result "0-1"]
[WhiteElo "1988"]
[BlackElo "2279"]
[PlyCount "100"]
[EventDate "2023.09.26"]
[EventType "swiss (blitz)"]
[EventRounds "11"]
[EventCountry "USA"]
[SourceTitle "EXT 2024"]
[Source "ChessBase"]
[SourceDate "2023.10.10"]
[SourceVersion "1"]
[SourceVersionDate "2023.10.10"]
[SourceQuality "1"]

1. e4 c5 2. Nf3 Nc6 3. d3 g6 4. g3 Bg7 5. Bg2 d6 6. 0-0 e5 7. c3 Nge7 8. Be3 0-0 9. d4 exd4 10. cxd4 Bg4 11. d5 Bxb2 12. dxc6 Bxa1 13. cxb7 Rb8 14. Nbd2 Bg7 15. h3 Be6 16. Ng5 Rxb7 17. Nxe6 fxe6 18. e5 Rd7 19. exd6 Rxd6 20. Qc2 Nf5 21. Nc4 Nxe3 22. Nxe3 Bd4 23. Nc4 Rd7 24. Qe4 Qf6 25. Kh2 Bxf2 26. Ne5 Rd4 27. Ng4 Rxe4 28. Nxf6+ Rxf6 29. Bxe4 Bxg3+ 30. Kg2 Rxf1 31. Kxf1 Kg7 32. Kg2 Be5 33. Kf3 c4 34. Ke2 Bd4 35. a4 a5 36. Bc6 Kf6 37. Bb5 c3 38. Kd3 e5 39. Bc6 Kf5 40. Bd7+ Kf4 41. Kc2 e4 42. Bg4 e3 43. Be2 h5 44. Kd3 Bf6 45. Bd1 Kg3 46. Kxe3 Kxh3 47. Bc2 g5 48. Kf3 g4+ 49. Kf4 Bg7 50. Kg5 g3 0-1

[Event "Titled Tuesday intern op 26th Sep Early"]
[Site "Chess.com INT"]
[Date "2023.09.26"]
[Round "7"]
[White "Sanhueza, Cristian"]
[Black "Li, Hui"]
[Result "1-0"]
[WhiteElo "2213"]
[BlackElo "1988"]
[PlyCount "67"]
[EventDate "2023.09.26"]
[EventType "swiss (blitz)"]
[EventRounds "11"]
[EventCountry "USA"]
[SourceTitle "EXT 2024"]
[Source "ChessBase"]
[SourceDate "2023.10.10"]
[SourceVersion "1"]
[SourceVersionDate "2023.10.10"]
[SourceQuality "1"]

1. e4 e5 2. Nf3 Nf6 3. Nxe5 d6 4. Nf3 Nxe4 5. d4 d5 6. Bd3 Be7 7. 0-0 Nc6 8. Re1 Bg4 9. c4 Nf6 10. cxd5 Bxf3 11. Qxf3 Qxd5 12. Qg3 0-0 13. Nc3 Qxd4 14. Nb5 Qg4 15. Qxg4 Nxg4 16. Nxc7 Rad8 17. Bc4 Bc5 18. Be3 Nxe3 19. fxe3 Ne5 20. Bb3 Ng4 21. Nd5 Rxd5 22. Bxd5 Nxe3 23. Bxb7 Nc2+ 24. Kf1 Nxa1 25. Rxa1 Rb8 26. Rc1 Bd4 27. b3 g6 28. Rc7 a5 29. Bd5 Rf8 30. h3 Kg7 31. Ke2 Kf6 32. Kd3 Bf2 33. Kc4 Be1 34. Ra7 1-0

[Event "Speed Chess Q2 Sw"]
[Site "Chess.com INT"]
[Date "2023.08.23"]
[Round "2"]
[White "Li, Hui"]
[Black "Pastar, Slaven"]
[Result "1-0"]
[WhiteElo "1988"]
[BlackElo "2357"]
[PlyCount "137"]
[EventDate "2023.08.23"]
[EventType "swiss (blitz)"]
[EventRounds "14"]
[EventCountry "USA"]
[SourceTitle "CBM 215 Extra"]
[Source "ChessBase"]
[SourceDate "2023.09.30"]
[SourceVersion "1"]
[SourceVersionDate "2023.09.30"]
[SourceQuality "1"]

1. e4 b6 2. d4 Bb7 3. Bd3 Nf6 4. Qe2 e6 5. Nf3 d5 6. e5 Ne4 7. Nbd2 Nxd2 8. Bxd2 c5 9. c3 a5 10. Bg5 Be7 11. Bxe7 Qxe7 12. 0-0 0-0 13. a3 Ba6 14. Bxa6 Rxa6 15. g3 Rc8 16. Kg2 c4 17. h4 b5 18. Nh2 Nc6 19. h5 h6 20. f4 Raa8 21. f5 Qg5 22. Qg4 Qxg4 23. Nxg4 exf5 24. Rxf5 Nd8 25. Ne3 Ne6 26. Nxd5 Ra7 27. Rff1 Rb7 28. Nf4 b4 29. d5 Nc5 30. axb4 axb4 31. d6 Nd3 32. Nxd3 cxd3 33. Rad1 bxc3 34. bxc3 Rxc3 35. Rd2 Kf8 36. Rfd1 Rbb3 37. Kf3 Ke8 38. Ke4 Rb4+ 39. Ke3 Rc5 40. Rxd3 Rxe5+ 41. Kf2 Kd7 42. Re3 Rb2+ 43. Kf3 Rxe3+ 44. Kxe3 Rb4 45. Kf3 Rc4 46. g4 Rc3+ 47. Kf4 Rc5 48. Kg3 Re5 49. Rf1 Re6 50. Rxf7+ Kxd6 51. Rxg7 Re3+ 52. Kh4 Re1 53. Rg6+ Ke5 54. Rxh6 Rg1 55. Rg6 Rh1+ 56. Kg3 Rc1 57. Rg5+ Kf6 58. Rf5+ Ke6 59. Rf3 Rg1+ 60. Kh4 Rb1 61. Kg5 Rb8 62. Kh4 Rf8 63. Rxf8 Ke7 64. Rf5 Ke8 65. Kg5 Ke7 66. Kg6 Ke6 67. h6 Ke7 68. h7 Ke6 69. h8Q 1-0

[Event "Titled Tuesday intern op 22nd Aug Early"]
[Site "Chess.com INT"]
[Date "2023.08.22"]
[Round "5"]
[White "Kostov, Deyan Samuil"]
[Black "Li, Hui"]
[Result "1-0"]
[WhiteElo "2198"]
[BlackElo "1988"]
[PlyCount "93"]
[EventDate "2023.08.22"]
[EventType "swiss (blitz)"]
[EventRounds "11"]
[EventCountry "USA"]
[SourceTitle "EXT 2024"]
[Source "ChessBase"]
[SourceDate "2023.10.10"]
[SourceVersion "1"]
[SourceVersionDate "2023.10.10"]
[SourceQuality "1"]

1. d4 d5 2. Bf4 Nf6 3. e3 c5 4. Nc3 cxd4 5. exd4 a6 6. Nf3 Bg4 7. h3 Bxf3 8. Qxf3 Nc6 9. Ne2 e6 10. c3 Bd6 11. Ng3 0-0 12. Bd3 b5 13. 0-0 Bxf4 14. Qxf4 b4 15. Ne2 Qb8 16. Qd2 Qd6 17. a3 a5 18. Rfc1 bxc3 19. Qxc3 Rfc8 20. Qc5 Qxc5 21. Rxc5 Nd7 22. Rc2 Ne7 23. Rac1 Rxc2 24. Rxc2 Rc8 25. Rxc8+ Nxc8 26. Kf1 a4 27. Ke1 Ncb6 28. Nc3 Kf8 29. Bb5 Ke7 30. Nxa4 Nxa4 31. Bxa4 Nb6 32. Bb3 Kd6 33. Kd2 e5 34. dxe5+ Kxe5 35. a4 Nc8 36. a5 Kd4 37. Ba4 Na7 38. Be8 f6 39. b3 Kc5 40. Kc3 d4+ 41. Kd3 g5 42. Bf7 h6 43. a6 Kb6 44. Kxd4 Kxa6 45. Ke4 Nc6 46. Kf5 Kb6 47. Kxf6 1-0

[Event "Titled Tuesday intern op 22nd Aug Early"]
[Site "Chess.com INT"]
[Date "2023.08.22"]
[Round "3"]
[White "Li, Hui"]
[Black "Bazilius, Augustinas"]
[Result "1/2-1/2"]
[WhiteElo "1988"]
[BlackElo "2052"]
[PlyCount "185"]
[EventDate "2023.08.22"]
[EventType "swiss (blitz)"]
[EventRounds "11"]
[EventCountry "USA"]
[SourceTitle "EXT 2024"]
[Source "ChessBase"]
[SourceDate "2023.10.10"]
[SourceVersion "1"]
[SourceVersionDate "2023.10.10"]
[SourceQuality "1"]

1. e4 c5 2. Nf3 a6 3. c4 e6 4. d4 cxd4 5. Nxd4 Qc7 6. Nc3 Nf6 7. a3 b6 8. Be3 Bb7 9. f3 Be7 10. Be2 0-0 11. 0-0 d6 12. Rc1 Nbd7 13. Qd2 Rac8 14. b4 Qb8 15. Kh1 Rfe8 16. Nb3 h5 17. Rfd1 Qa8 18. Na4 Qb8 19. Bf4 Bc6 20. Nc3 Ne5 21. Rc2 Qa8 22. Be3 Nfd7 23. Bf1 Red8 24. Nd4 Bb7 25. Na4 b5 26. Nb2 bxc4 27. Nxc4 Nxc4 28. Rxc4 Ne5 29. Rxc8 Rxc8 30. Rc1 Rxc1 31. Qxc1 Qc8 32. Qxc8+ Bxc8 33. a4 Kf8 34. b5 axb5 35. Bxb5 Bd8 36. Kg1 Ke7 37. Kf2 d5 38. exd5 exd5 39. Nb3 Nc4 40. Bc5+ Ke6 41. Bb4 Bb6+ 42. Kg3 Bc7+ 43. Kf2 g6 44. g3 Bb6+ 45. Kg2 Ne3+ 46. Kh1 Nc2 47. Bc5 Bc7 48. a5 Na3 49. Bxa3 Bb7 50. Bc5 d4 51. Bxd4 Bxf3+ 52. Kg1 Bd5 53. Nc5+ Kf5 54. Nd3 Bxa5 55. Nf4 Ke4 56. Bc5 Ba8 57. Bf1 g5 58. Bg2+ Kf5 59. Bxa8 gxf4 60. gxf4 Kxf4 61. Bf2 Bd2 62. Bg3+ Kg5 63. Bg2 Bf4 64. Bf2 Be5 65. h3 f5 66. Bf3 Kg6 67. Kg2 Bf6 68. Bg3 Bg5 69. Be5 Bf6 70. Kg3 Bxe5+ 71. Kg2 Kg5 72. Be2 h4 73. Bd3 f4 74. Kf3 Bd4 75. Kg2 Be3 76. Be2 Bd2 77. Bf3 Be1 78. Bg4 Bg3 79. Bf3 Kf6 80. Bg4 Ke5 81. Bf3 Kd4 82. Ba8 Ke3 83. Bf3 Kd4 84. Ba8 Ke5 85. Bf3 Kd6 86. Ba8 Kc7 87. Bf3 Kb8 88. Be4 Ka7 89. Bf3 Kb6 90. Bg4 Kc5 91. Bf3 Kd6 92. Bg4 Ke5 93. Bf3 1/2-1/2

[Event "Speed Chess Q1 Sw"]
[Site "Chess.com INT"]
[Date "2023.08.21"]
[Round "1"]
[White "Li, Hui"]
[Black "Azarov, Sergei Nikolaevich"]
[Result "0-1"]
[WhiteElo "1988"]
[BlackElo "2582"]
[PlyCount "76"]
[EventDate "2023.08.21"]
[EventType "k.o. (blitz)"]
[EventRounds "14"]
[EventCountry "USA"]
[SourceTitle "CBM 215 Extra"]
[Source "ChessBase"]
[SourceDate "2023.09.30"]
[SourceVersion "1"]
[SourceVersionDate "2023.09.30"]
[SourceQuality "1"]

1. e4 e5 2. Nf3 Nc6 3. Bb5 a6 4. Ba4 Nf6 5. 0-0 Be7 6. Re1 b5 7. Bb3 d6 8. c3 0-0 9. h3 h6 10. d4 Re8 11. Nbd2 Bf8 12. Nf1 Bb7 13. Ng3 Na5 14. Bc2 Nc4 15. b3 Nb6 16. a4 d5 17. dxe5 Nxe4 18. Nxe4 dxe4 19. Qxd8 Raxd8 20. Bxe4 Bxe4 21. Rxe4 Rd1+ 22. Re1 Rxe1+ 23. Nxe1 Rxe5 24. Nf3 Re2 25. axb5 axb5 26. Be3 Rc2 27. Nd4 Rxc3 28. Nxb5 Rxb3 29. Nxc7 Nc4 30. Nd5 Nxe3 31. Nxe3 g6 32. Kf1 Bc5 33. Ke2 Rb2+ 34. Kf1 Kg7 35. Rc1 Bb6 36. Rc2 Rb1+ 37. Ke2 h5 38. g4 Bxe3 0-1

[Event "Speed Chess Q1 Sw"]
[Site "Chess.com INT"]
[Date "2023.08.21"]
[Round "6"]
[White "Mulawa, Cyprian"]
[Black "Li, Hui"]
[Result "1-0"]
[WhiteElo "2186"]
[BlackElo "1988"]
[PlyCount "151"]
[EventDate "2023.08.21"]
[EventType "k.o. (blitz)"]
[EventRounds "14"]
[EventCountry "USA"]
[SourceTitle "CBM 215 Extra"]
[Source "ChessBase"]
[SourceDate "2023.09.30"]
[SourceVersion "1"]
[SourceVersionDate "2023.09.30"]
[SourceQuality "1"]

1. g3 d5 2. Bg2 c6 3. Nf3 Nf6 4. 0-0 Bg4 5. Ne5 Bf5 6. d3 Nbd7 7. Nxd7 Qxd7 8. Re1 e6 9. Nc3 Be7 10. e4 dxe4 11. dxe4 Qxd1 12. Rxd1 Bg4 13. f3 Bh5 14. g4 Bg6 15. Be3 b6 16. h3 Nd7 17. f4 h5 18. e5 Rc8 19. Ne4 Bxe4 20. Bxe4 Bc5 21. Kf2 Bxe3+ 22. Kxe3 Nc5 23. f5 Ke7 24. Rd6 Nxe4 25. Kxe4 hxg4 26. hxg4 exf5+ 27. gxf5 Rh4+ 28. Kf3 Rh3+ 29. Ke4 Rh4+ 30. Kd3 Rh5 31. Rf1 Rd8 32. Rxd8 Kxd8 33. Ke4 Ke7 34. Rf2 Rh4+ 35. Kf3 Rh3+ 36. Kg4 Re3 37. Kf4 Rh3 38. Rd2 Rh4+ 39. Kf3 c5 40. b3 g6 41. fxg6 fxg6 42. Rd6 g5 43. Rg6 Rh2 44. c4 Rxa2 45. Rxg5 Rb2 46. Ke4 Rxb3 47. Kd5 Rd3+ 48. Kc6 Rd4 49. Kb5 a6+ 50. Kxb6 Rxc4 51. Kc6 Rc1 52. Kd5 c4 53. Rg7+ Kf8 54. Rc7 c3 55. Ke6 c2 56. Rc8+ Kg7 57. Ke7 Re1 58. Rxc2 Rxe5+ 59. Kd6 Ra5 60. Kc6 Ra1 61. Kb6 Kf6 62. Re2 Kf5 63. Rc2 Ke4 64. Rc5 Kd4 65. Rf5 Kc4 66. Rf4+ Kd5 67. Rf5+ Kc4 68. Rf2 a5 69. Rf4+ Kb3 70. Kb5 a4 71. Rf3+ Kb2 72. Kb4 a3 73. Rf2+ Kc1 74. Kc3 Kd1 75. Rf1+ Ke2 76. Rxa1 1-0